Sports Quiz

Random Sports or Soccer Quiz

Premier League Clubs All Time Quiz Stats

 Plays Quiz Updated Aug 2, 2018

Score 0/49 Timer 08:00
397 Plays Today
Seasons Team % Correct
28Manchester United
98.5%
28Arsenal
97.5%
28Chelsea
97.3%
28Liverpool
96.9%
23Manchester City
96.4%
28Tottenham Hotspur
93.6%
28Everton
93%
25Newcastle United
91%
25Aston Villa
90%
24West Ham United
88.1%
16Sunderland
85.6%
12Leeds United
82%
14Fulham
81.9%
12West Bromwich Albion
81.7%
21Southampton
81.6%
18Blackburn Rovers
80.5%
2Cardiff City
79.8%
3Brighton & Hove Albion
79.7%
7Birmingham City
77.7%
6Wolverhampton Wanderers
77.7%
9Norwich City
77.3%
2Huddersfield Town
77.2%
4AFC Bournemouth
77.1%
10Stoke City
76.3%
7Portsmouth
75.3%
Seasons Team % Correct
13Bolton Wanderers
75.2%
5Hull City
74.5%
15Middlesbrough
73.8%
7Queens Park Rangers
71.4%
14Leicester City
71.1%
11Crystal Palace
70.8%
8Wigan Athletic
70.3%
5Nottingham Forest
68%
7Derby County
67.8%
4Sheffield United
67.7%
8Sheffield Wednesday
67.1%
6Burnley
64%
8Charlton Athletic
63.4%
5Ipswich Town
63.1%
7Swansea City
62.5%
7Watford
61.1%
3Reading
60.8%
8Wimbledon
55.7%
1Blackpool
53.8%
9Coventry City
53.4%
1Barnsley
50.1%
2Bradford City
49.5%
1Swindon Town
43.8%
2Oldham Athletic
43.8%

You're not logged in!

Compare scores with friends on all Sporcle quizzes.
OR
Log In

Sporcle TV

Today on Sporcle TV


Watch our educational content, quiz creation guides, and fun videos on Sporcle TV.

Show Comments

Extras

Top Quizzes Today


Score Distribution

Your Account Isn't Verified!

In order to create a playlist on Sporcle, you need to verify the email address you used during registration. Go to your Sporcle Settings to finish the process.

Report this User

Report this user for behavior that violates our Community Guidelines.

Details: